Stadtteile von Osnabrück - Statistiken

Allgemein
  • Dieses Quiz wurde 193 mal gespielt
  • Das Durchschnittsergebnis liegt bei 15 aus 23
Antwortstatistiken
Stadtteil Einwohner % Korrekt
Schinkel 14.410
90%
Innenstadt 9.561
85%
Wüste 14.934
79%
Westerberg 10.108
78%
Hellern 7.034
74%
Dodesheide 10.108
73%
Haste 6.757
72%
Schölerberg 14.672
72%
Sutthausen 4.701
72%
Darum/Gretesch/Lüstringen 8.114
71%
Eversburg 8.578
68%
Voxtrup 7.183
68%
Nahne 2.268
64%
Hafen 2.678
58%
Fledder 2.594
57%
Pye 2.975
56%
Widukindland 4.965
54%
Atter 4.306
50%
Weststadt 9.626
50%
Sonnenhügel 9.371
49%
Kalkhügel 6.298
48%
Schinkel-Ost 3.536
48%
Gartlage 3.729
37%
Keine übereinstimmenden Quizze gefunden
Verteilung der Resultate
Anzahl Personen mit jedem Resultat
Perzentil nach korrekt beantworteten Fragen
Ihre Resultats-Entwicklung
Sie haben dieses Quiz noch nicht gespielt